| 000 | 01344nam a2200193 a 4500 | ||
|---|---|---|---|
| 001 | 000012906 | ||
| 003 | DO-SdBNP | ||
| 005 | 20230921120924.0 | ||
| 008 | 091118s201u dr 000 0 spa d | ||
| 040 |
_aDO-SdBNP _bspa _cBNPHU |
||
| 100 | 1 |
_aBonilla, Santiago _929792 |
|
| 245 | 1 | 0 |
_aManual de lengua española : _bteoría y prácticas / _cSantiago Bonilla. |
| 260 |
_aSanto Domingo : _bBúho, _c[201-]. |
||
| 300 |
_a243 p. ; _c28 cm. |
||
| 500 | _aIncluye datos biografícos en la contraportada | ||
| 504 | _aBibliografía p: 241-243 | ||
| 505 | 0 |
_gunidad 1 -- _tLa comunicación -- _gunidad 2 -- _tConsideraciones teoricas sobre comunicación -- _gunidad 3 -- _tLa comunicación corporativa -- _gunidad 4 -- _tEl párrafo y su estructura -- _gunidad 5 -- _tMétodos de desarrollo del párrafo -- _gunidad 6 -- _tEl resumen -- _gunidad 7 -- _tLa exposición -- _gunidad 8 -- _tEl informe -- _gunidad 9 -- _tLa carta -- _gunidad 10 -- _tSistema de fichas -- _gunidad 11 -- _tEl comentario -- _gunidad 12 -- _tEl ensayo -- _gunidad 13 -- _tLa oratoria -- _gunidad 14 -- _tLa narración -- _gunidad 15 -- _tModos de expresión -- _gunidad 16 -- _tLos tipos de lengua -- _gunidad 17 -- _tLos niveles de lengua -- _gunidad 18 -- _tEl estilo -- _gunidad 19 -- _tLas imágenes artísticas -- _gunidad 20 -- _tFiguras literarias -- _gunidad 21 -- _tLa descripción -- |
|
| 942 |
_2ddc _cLBS1 |
||
| 999 |
_c12554 _d12554 |
||